| 000 | 01693cas a2200457 a 4500 | ||
|---|---|---|---|
| 001 | 11278080 | ||
| 003 | NUST | ||
| 005 | 20220628123447.0 | ||
| 008 | 840712c19uu9999pk mr lw 0 a0eng | ||
| 010 | _a 83930400 | ||
| 035 | _a(OCoLC)ocm10941349 | ||
| 037 | _bMonthly Law Digest Office, Katchery Rd., Lahore | ||
| 038 | _awaseem | ||
| 040 |
_aDLC _beng _cDLC _dCRL _dDLC _dOCLCQ _dOCLCF _dOCLCO _dOCLCA _dOCLCQ |
||
| 042 | _apcc | ||
| 043 | _aa-pk--- | ||
| 050 | 0 | 0 | _aLAW |
| 082 | 0 |
_a348.5491046 _219 _bMON |
|
| 245 | 0 | 4 |
_aThe Monthly Law Digest 2014 / _cEdited by Muhammad Anwar Khokhar ; Muhammad Wahaj Azhar ; Kashif Mir Zubair |
| 260 |
_aLahore : _bP.L.D Publishers, _c2014. |
||
| 300 |
_avolumes ; _c23 cm |
||
| 310 | _aMonthly | ||
| 336 |
_atext _btxt _2rdacontent |
||
| 337 |
_aunmediated _bn _2rdamedia |
||
| 338 |
_avolume _bnc _2rdacarrier |
||
| 500 | _a"Digest of cases and statutes reported in all the law journals of Pakistan during the current month." | ||
| 580 | _aIssued also in an annual cumulation. | ||
| 588 | _aDescription based on: Pt. 1 (Jan. 1983); title from cover. | ||
| 590 | _aSERBIB/SERLOC merged record | ||
| 650 | 0 |
_aLaw reports, digests, etc. _zPakistan. |
|
| 650 | 0 |
_aLaw _zPakistan _vDigests. _955109 |
|
| 650 | 7 |
_aLaw. _2fast _0(OCoLC)fst00993678 _935302 |
|
| 650 | 7 |
_aLaw reports, digests, etc. _2fast _0(OCoLC)fst00994106 |
|
| 651 | 7 |
_aPakistan. _2fast _0(OCoLC)fst01210275 |
|
| 655 | 7 |
_aDigests. _2fast _0(OCoLC)fst01423795 |
|
| 775 | 1 |
_tMonthly law digest (Annual) _w(DLC)sn 88043112 _w(OCoLC)17958144 |
|
| 906 |
_a7 _bcbc _cserials _d2 _encip _f19 _gn-oclcserc |
||
| 942 |
_2ddc _cREF _s1 |
||
| 999 |
_c590234 _d590234 |
||